Polskie filmy przetłumaczone przez tłumacz google - klikanie - Statystyki

Ogólne statystyki
  • Ten quiz został rozwiązany 89 razy
  • Średni wynik to 10 z 19
Statystyki odpowiedzi
Hint Odpowiedź % Poprawnych
Chce się żyć Chcę żyć.
86%
Zabij to i wyjedź z tego miasta Zabij ich i opuść miasto
84%
Sami swoi Nasi ludzie
82%
Kolory zła: Czerwień Diabeł: Brązowy
79%
Nikt nie woła Nikt nie zadzwonił
79%
Ostatnia wieczerza Sekretna kolacja
77%
Ciemno, prawie noc Jest już za późno, jest już za późno
73%
Na twoim miejscu Gdybym był jedyny
70%
Ukryta sieć Bezpieczeństwo sieci
68%
Nic na siłę Nic o przemocy
64%
Żeby nie było śladów Zatem nic na to nie wskazuje
64%
Inni Ludzie Inny
55%
Na chwilę, na zawsze Raz, na zawsze
54%
Chrzciny pochwała
34%
Poskromienie złośnicy Argument chmury
21%
Pętla Dziennik
20%
Hiacynt Dzisiaj
13%
Zupa nic Żadnego białego człowieka
9%
Gorzko, gorzko Będzie otwarte
7%
Nie znaleziono quizów pasujących do podanych kryteriów
Rozkład punktacji
Procent ludzi z każdym wynikiem
Percentyl według liczby udzielonych odpowiedzi
Twoja historia wyników
Nie rozwiązałeś tego quizu